[Event "CRO-chT1B 32nd"]
[Site "Veli Losinj"]
[Date "2024.10.05"]
[Round "1.1"]
[White "Nagy, Gabor"]
[Black "Lavrencic, Matic"]
[Result "1/2-1/2"]
[WhiteElo "2465"]
[BlackElo "2366"]
[PlyCount "61"]
[EventDate "2024.10.05"]
[EventType "team-tourn"]
[EventRounds "9"]
[EventCountry "CRO"]
[SourceTitle "CB47_2024"]
[SourceDate "2024.11.20"]
[SourceVersion "1"]
[SourceVersionDate "2024.11.20"]
[SourceQuality "1"]
[WhiteTeam "Mihovljan Sloboda"]
[BlackTeam "Rijeka Rijeka"]
[WhiteTeamCountry "CRO"]
[BlackTeamCountry "CRO"]

1. c4 Nf6 2. Nc3 e5 3. e3 Bb4 4. Nge2 0-0 5. a3 Be7 6. d4 exd4 7. Qxd4 a5 8. Nf4 Na6 9. Qd1 Nc5 10. Be2 a4 11. Nd3 Nb3 12. Rb1 d5 13. cxd5 Nxd5 14. Nxa4 Bd7 15. Nac5 Nxc5 16. Nxc5 Bxc5 17. Qxd5 Qe7 18. b4 Bd6 19. Bb2 Bc6 20. Qd4 Qg5 21. Qg4 Qxg4 22. Bxg4 Bxg2 23. Rg1 Bc6 24. Bf3 f6 25. Bxc6 bxc6 26. Rc1 Bxh2 27. Rg2 Be5 28. Bxe5 fxe5 29. Rxc6 Rxa3 30. Rxc7 g6 31. Rc2 1/2-1/2

[Event "Olympiad-45"]
[Site "Budapest"]
[Date "2024.09.20"]
[Round "9.4"]
[White "Lavrencic, Matic"]
[Black "Urkedal, Frode Olav Olsen"]
[Result "1/2-1/2"]
[WhiteElo "2360"]
[BlackElo "2546"]
[PlyCount "87"]
[EventDate "2024.09.11"]
[EventType "team-swiss"]
[EventRounds "11"]
[EventCountry "HUN"]
[SourceTitle "EXT 2025"]
[Source "ChessBase"]
[SourceDate "2024.10.14"]
[SourceVersion "1"]
[SourceVersionDate "2024.10.14"]
[SourceQuality "1"]
[WhiteTeam "Slovenia"]
[BlackTeam "Norway"]
[WhiteTeamCountry "SLO"]
[BlackTeamCountry "NOR"]

1. e4 e5 2. Nf3 Nc6 3. Bb5 a6 4. Ba4 Nf6 5. Nc3 b5 6. Bb3 Bc5 7. Nd5 h6 8. c3 Ba7 9. d4 0-0 10. dxe5 Ng4 11. 0-0 Ngxe5 12. Nd4 d6 13. Bf4 Re8 14. Nxc6 Nxc6 15. Qf3 Ne5 16. Bxe5 Rxe5 17. Nb4 Bd7 18. Bxf7+ Kh8 19. Bd5 Rc8 20. Nc6 Bxc6 21. Bxc6 Rb8 22. b4 Rb6 23. Bd5 Qe8 24. Qd3 Rb8 25. Kh1 c6 26. Bb3 Qg6 27. a4 Bb6 28. axb5 axb5 29. f4 Qxe4 30. Qxd6 Ree8 31. f5 Rbd8 32. Qg6 Bc7 33. Bf7 Qe5 34. Qh5 Rf8 35. Rae1 Qxh2+ 36. Qxh2 Bxh2 37. Bg6 Bd6 38. Re6 c5 39. bxc5 Bxc5 40. Re5 Rc8 41. Rb1 Bd6 42. Rd5 Bg3 43. Rd3 Be5 44. Rxb5 1/2-1/2

[Event "Olympiad-45"]
[Site "Budapest"]
[Date "2024.09.16"]
[Round "6.21"]
[White "Lavrencic, Matic"]
[Black "Rodgaard, John"]
[Result "1-0"]
[WhiteElo "2360"]
[BlackElo "2273"]
[PlyCount "67"]
[EventDate "2024.09.11"]
[EventType "team-swiss"]
[EventRounds "11"]
[EventCountry "HUN"]
[SourceTitle "EXT 2025"]
[Source "ChessBase"]
[SourceDate "2024.10.14"]
[SourceVersion "1"]
[SourceVersionDate "2024.10.14"]
[SourceQuality "1"]
[WhiteTeam "Slovenia"]
[BlackTeam "Faroe Islands"]
[WhiteTeamCountry "SLO"]
[BlackTeamCountry "FAI"]

1. e4 c5 2. Nf3 e6 3. d4 cxd4 4. Nxd4 Nc6 5. Nc3 Qc7 6. Be3 a6 7. a3 b5 8. Nxc6 Qxc6 9. h4 Bb7 10. h5 h6 11. Rh3 e5 12. Qd3 Nf6 13. 0-0-0 Bc5 14. Nd5 Nxd5 15. exd5 Bxe3+ 16. Rxe3 Qf6 17. Qe4 d6 18. f4 0-0-0 19. fxe5 dxe5 20. Be2 Rhe8 21. Qg4+ Kb8 22. Rf3 Qb6 23. Rxf7 Bxd5 24. Rxg7 e4 25. Qg3+ Ka8 26. Rg6 Qc5 27. Rxa6+ Kb7 28. Rxh6 Bc4 29. Rh7+ Ka8 30. Qg6 b4 31. axb4 Bxe2 32. Qxe4+ Rxe4 33. Rxd8+ Qc8 34. Rxc8# 1-0

[Event "EU-ch U16"]
[Site "Prague"]
[Date "2024.08.30"]
[Round "8"]
[White "Prazak, Daniel"]
[Black "Lavrencic, Matic"]
[Result "1/2-1/2"]
[WhiteElo "2261"]
[BlackElo "2356"]
[PlyCount "97"]
[EventDate "2024.08.22"]
[EventType "swiss"]
[EventRounds "9"]
[EventCountry "CZE"]
[SourceTitle "CBM 221 Extra"]
[Source "ChessBase"]
[SourceDate "2024.09.30"]
[SourceVersion "1"]
[SourceVersionDate "2024.09.30"]
[SourceQuality "1"]

1. e4 c5 2. Nf3 d6 3. d4 cxd4 4. Nxd4 Nf6 5. Nc3 a6 6. h3 e5 7. Nf3 h6 8. Bc4 Be6 9. Bb3 Nc6 10. Be3 Rc8 11. Nh4 Na5 12. Bxe6 fxe6 13. Ng6 Rg8 14. 0-0 Kf7 15. Nxf8 Rxf8 16. Qd3 Nc4 17. Bc1 Qc7 18. b3 Na5 19. Bb2 Kg8 20. Rac1 Nc6 21. a3 Rf7 22. Ne2 d5 23. Ng3 Rd8 24. Qe2 d4 25. b4 Na7 26. Rfd1 Rfd7 27. c4 Nc6 28. c5 d3 29. Qe3 a5 30. b5 Nd4 31. b6 Qc6 32. Qxd3 Nf5 33. Qc2 Nxg3 34. Rxd7 Rxd7 35. fxg3 Nxe4 36. Re1 Qxc5+ 37. Qxc5 Nxc5 38. Bxe5 Nd3 39. Re3 Nxe5 40. Rxe5 Rd6 41. Rxa5 Rxb6 42. Kf2 Kf7 43. Rc5 Rb2+ 44. Kf3 Rb3+ 45. Kf2 Kf6 46. Rc7 e5 47. a4 e4 48. g4 b6 49. Ra7 1/2-1/2

[Event "EU-ch U16"]
[Site "Prague"]
[Date "2024.08.29"]
[Round "7"]
[White "Lavrencic, Matic"]
[Black "Venkatesan, Kavin"]
[Result "1-0"]
[WhiteElo "2356"]
[BlackElo "2202"]
[PlyCount "55"]
[EventDate "2024.08.22"]
[EventType "swiss"]
[EventRounds "9"]
[EventCountry "CZE"]
[SourceTitle "CBM 221 Extra"]
[Source "ChessBase"]
[SourceDate "2024.09.30"]
[SourceVersion "1"]
[SourceVersionDate "2024.09.30"]
[SourceQuality "1"]

1. e4 c5 2. Nf3 d6 3. d4 cxd4 4. Nxd4 Nf6 5. Nc3 a6 6. Bg5 e6 7. f4 Be7 8. Qf3 Qc7 9. 0-0-0 Nbd7 10. g4 b5 11. a3 Bb7 12. Bxf6 Nxf6 13. g5 Nd7 14. h4 Rc8 15. f5 e5 16. Nb3 d5 17. exd5 Bxa3 18. Rd3 b4 19. bxa3 bxc3 20. f6 0-0 21. Bh3 Qd6 22. fxg7 Rfe8 23. Rf1 Qxa3+ 24. Kd1 Re7 25. Qh5 Qd6 26. Bf5 h6 27. gxh6 Ree8 28. Rg1 1-0

[Event "EU-ch U16"]
[Site "Prague"]
[Date "2024.08.26"]
[Round "5"]
[White "Lavrencic, Matic"]
[Black "Krawczyk, Flawian"]
[Result "1/2-1/2"]
[WhiteElo "2356"]
[BlackElo "2263"]
[PlyCount "50"]
[EventDate "2024.08.22"]
[EventType "swiss"]
[EventRounds "9"]
[EventCountry "CZE"]
[SourceTitle "CBM 221 Extra"]
[Source "ChessBase"]
[SourceDate "2024.09.30"]
[SourceVersion "1"]
[SourceVersionDate "2024.09.30"]
[SourceQuality "1"]

1. e4 c5 2. Nf3 d6 3. Bb5+ Nd7 4. a4 Ngf6 5. Nc3 a6 6. Be2 e6 7. d4 cxd4 8. Qxd4 b6 9. 0-0 Bb7 10. Rd1 Qc7 11. Be3 Be7 12. Nd2 0-0 13. Nc4 e5 14. Qd3 Rad8 15. Bf3 Nc5 16. Qe2 Rc8 17. b3 Nfxe4 18. Nxe4 Bxe4 19. Bxe4 Nxe4 20. Bxb6 Qb7 21. Qd3 Nc3 22. Qxc3 d5 23. Rab1 dxc4 24. bxc4 Qc6 25. a5 e4 1/2-1/2

[Event "EU-ch U16"]
[Site "Prague"]
[Date "2024.08.24"]
[Round "3"]
[White "Lavrencic, Matic"]
[Black "Bourg, Nicolas"]
[Result "1-0"]
[WhiteElo "2356"]
[BlackElo "2116"]
[PlyCount "31"]
[EventDate "2024.08.22"]
[EventType "swiss"]
[EventRounds "9"]
[EventCountry "CZE"]
[SourceTitle "CBM 221 Extra"]
[Source "ChessBase"]
[SourceDate "2024.09.30"]
[SourceVersion "1"]
[SourceVersionDate "2024.09.30"]
[SourceQuality "1"]

1. e4 e5 2. Nf3 Nc6 3. Bb5 a6 4. Ba4 d6 5. 0-0 Bd7 6. c4 g5 7. d4 g4 8. d5 Nb8 9. Ne1 Nf6 10. Bg5 Rg8 11. Bh4 Bxa4 12. Qxa4+ Qd7 13. Qb3 Qd8 14. Bxf6 Qxf6 15. Qxb7 g3 16. Qxa8 1-0